[Event "UKR-ch"]
[Site "Ordzhonikidze"]
[Date "2001.09.10"]
[Round "3"]
[White "Rogovski, Vladimir"]
[Black "Volokitin, Andrei"]
[Result "0-1"]
[WhiteElo "2443"]
[BlackElo "2551"]
[Annotator "Roiz,M"]
[PlyCount "144"]
[EventDate "2001.09.08"]
[EventType "swiss"]
[EventRounds "9"]
[EventCountry "UKR"]
[SourceTitle "CBM 086"]
[Source "ChessBase"]
[SourceDate "2002.02.05"]
[SourceVersion "1"]
[SourceVersionDate "2002.02.05"]
[SourceQuality "1"]

1. e4 d6 2. d4 Nf6 3. Nc3 g6 4. Nf3 Bg7 5. Be2 {One of the most quiet lines In
Pirc-defense.} O-O 6. O-O a6 {[%cal Gb7b5] it is known move in theory but not
very popular at the meantime.} (6... Bg4) (6... c5) ({and} 6... c6 {are more
common continuations.}) 7. a4 {The main. But White don't must to avoid b7-b5.}
(7. Bg5 b5 8. e5 b4 9. exf6 exf6 10. Bd2 bxc3 11. Bxc3 f5 12. Re1 Nd7 $13 {
[%cal Gd7f6,Gf6e4] Yemelin,Vasily -Tseitlin,Mark D Beersheba-St Petersburg 1998
}) (7. e5 dxe5 8. Nxe5 Nbd7 9. Bf4 Nxe5 10. Bxe5 c6 11. a4 Nd5 $11 {Groszpeter,
A-Espig,L/Varna 1983}) (7. Bf4 {[%cal Ge4e5]} b5 (7... Bg4 $6 8. e5 Nfd7 9. h3
Bxf3 10. Bxf3 Nc6 11. exd6 cxd6 12. Ne2 Re8 13. Be3 Nb6 14. c3 $14 {[%csl Ge3,
Gf3] Vogt,L-Espig,L/Dortmund-B 1991}) 8. e5 Nfd7 9. Re1 Nc6 10. Bf1 dxe5 11.
dxe5 Nc5 12. Qc1 Bf5 13. Nh4 e6 14. Nxf5 exf5 15. Qe3 Ne6 16. Rad1 Ncd4 17. Bh6
c5 18. Bxg7 Kxg7 $15 {[%csl Gd4,Ge6] Cifuentes Parada,R-Van Laatum,G/Ostende
op 1991}) (7. h3 b5 $6 (7... Nc6 $142 8. d5 Nb8 {[%cal Gc7c6]}) 8. e5 $1 Ne8 9.
Bf4 {[%csl Gd4,Ge5]} Nd7 10. Qd2 Nb6 11. a3 $14 {Andersson,Ulf-Hort,Vlastimil/
Kottnauer mem 1996}) (7. Re1 Nc6 (7... e6 $5) 8. d5 Ne5 9. Nxe5 dxe5 10. Be3 e6
11. Bc5 Re8 12. Bc4 b6 {Zilberman,Yaacov-Avrukh,Boris/Tel Aviv super 1 st 1999
[Avrukh,B]}) 7... Nc6 (7... e6 {[%cal Gb8c6,Gc6e7] -this plan becomes very
popular nowdays. The idea is to play Nc6 and After d4-d5 this knight can be
placed on-e7} 8. Bf4 h6 9. h3 Nc6 10. Qd2 Kh7 11. Rad1 Nd7 12. d5 Ne7 $132 {
[%cal Ge6e5] Jenni,F-Pikula,D/MTO Open Biel 2000}) 8. h3 {i don't believe that
white can fight for advantage after the move in the text.} (8. d5 Nb4 (8... Nb8
9. a5 e5 10. Nd2 (10. dxe6 Bxe6 11. Nd4 $14) 10... Ne8 11. Nc4 Nd7 12. Kh1 Kh8
13. Ra3 b5 14. axb6 cxb6 15. b4 {Damlijanovic,B-Kozakov,M/Valjevo 2000}) (8...
Ne5 9. Nxe5 dxe5 10. Be3 Ne8 11. a5 Nd6 12. Qd3 $14 {[%csl Ga5,Gd5] Rozentalis,
E-Kristensen,Bj Troll Masters 2001}) 9. a5 {[%csl Rb4][%cal Ga1a4]} e6 10. Ra4
c5 11. dxc6 Nxc6 12. Be3 {[%cal Ge3b6]} Nxa5 13. e5 Ne8 14. exd6 $36 {Abdulla,
Al-Wojkiewicz,Alexander Dhaka 1999}) (8. Be3 Ng4 9. Bg5 h6 10. Bh4 g5 11. Bg3
e5 12. d5 Nd4 13. Nxd4 exd4 14. Bxg4 dxc3 15. bxc3 Bxc3 16. Ra3 Bg7 17. c4 $16
{[%csl Gf5][%cal Gc4c5] Ionescu,Co-Mateauta,G/ ch-ROM 1999}) 8... e5 9. d5 (9.
dxe5 dxe5 10. Be3 Qe7 {[%cal Gf8d8]} 11. Nd5 Nxd5 12. exd5 Nd4 $1 13. c3 Nxe2+
14. Qxe2 Bf5 $11 {[%csl Gf5,Gg7]}) 9... Ne7 10. Bg5 $146 {White's idea is
standard:to provoke black. After h7-h6 black's counterplay on the king-side
will be problematic. But next black's move shows, that it's not affective:
black will play f7-f6!} Ne8 $1 {[%cal Gf7f6]} 11. Qd2 $6 {Strange decision.
The dark-bishop's exchange is favourable for black.} (11. Nh2 $142 f6 12. Be3
f5 13. f4) 11... f6 12. Bh6 g5 $1 {[%mdl 32] Great positional idea! No it's
hard to see normal plan for white.} 13. Bxg7 Nxg7 $15 {[%cal Ge7g6,Gg6f4]} 14.
Nh2 {[%cal Ge2g4]} h5 {[%csl Rg4][%cal Gh5g4] Just in time! Now white cannot
play 15.Bg4} 15. Qd1 {[%cal Gd1h5]} Qe8 16. Re1 {[%cal Gh2f1,Gf1e3] white's
knight has no future on h2.} Qg6 17. Nf1 g4 $2 {Not in time! Now white recieve
counterplay.} (17... f5 $6 18. exf5 Nexf5 {[%cal Gf5d4]} 19. Bd3 Qh6 20. Qd2
$132 {[%cal Gc3e4]}) ({Much better was} 17... Qh6 $1 $17 {[%cal Ge7g6,Gg6f4]
And i cannot see any way to improve the position for white- while black has
easy plan.}) 18. hxg4 hxg4 19. g3 {[%cal Gf1e3]} (19. Ng3 Kf7 $1 {[%cal Gf8h8,
Gg6h6] and there is no defense against simple plan}) 19... f5 20. Nh2 (20. Ne3
$2 f4 $1 21. Nxg4 f3 22. Bxf3 Rxf3 23. Qxf3 Bxg4 $17 {[%csl Rf3,Rg2,Gg4,Rh3]
[%cal Ga8f8]}) 20... Qh7 $6 {After this move white is better.} ({After} 20...
Ne8 $1 {[%cal Ge8f6] black is still not worse}) 21. exf5 Bxf5 22. Nxg4 ({After
} 22. Bd3 Bxd3 23. Qxd3 Qxd3 24. cxd3 Ngf5 25. Re4 $1 {[%csl Rg4][%cal Ge4g4]}
(25. Nxg4 Nd4 {[%cal Gd4f3,Gd4c2]} 26. Re4) 25... c6 26. dxc6 bxc6 27. Rxg4+
Kf7 $44 {Black's pieces are very active but i think that white's chanses are
not bad}) 22... Bxc2 23. Qd2 Bg6 24. Nh6+ ({After} 24. Qg5 $5 Ne8 {[%csl Gg5]}
25. f4 $1 {Black is in trouble due to the very passive knights.}) 24... Kh8 25.
Kg2 {[%cal Ge1h1]} Nh5 (25... Be4+ 26. f3 Bg6 27. Rh1 Bh5 28. Rh2 $16 {[%cal
Ga1h1]}) 26. Qg5 {[%csl Gg5] Not bad.} (26. Rh1 $5 Kg7 $8 27. Ng4 $1 {[%csl
Rh5,Rh7]}) 26... Ng8 27. Bxh5 Bxh5 28. Qxh5 Qxh6 (28... Nxh6 29. Rh1 Rf6 30.
Rh4 $36 {[%cal Gc3e4,Ga1h1]}) 29. Qg4 {[%cal Ge1h1]} Nf6 30. Qc4 {[%csl Rc7]
[%cal Ge1h1,Gc4c7]} (30. Qb4 $5 {[%csl Rb7][%cal Gb4b7]} Qg6 31. Qxb7 Ng4 32.
Re2 {[%cal Gc3e4,Ga1h1] And there is no real compensation for a pawn.}) 30...
Qg7 31. Rh1+ Kg8 32. Rh4 {[%csl Re4,Gh4][%cal Ga1h1,Gc3e4,Gh4e4] It is clear,
that black's position is already hard.} Rf7 33. Rah1 Raf8 34. Nd1 $5 {[%csl
Rg8][%cal Gd1e3,Ge3f5]} (34. b4 $2 {[%cal Gb4b5]} Nh5 $1 {[%csl Rf2,Rg3][%cal
Gf7f2,Gg7g3]}) (34. Rh6 $5 {[%csl Gh6][%cal Gh1h4]} Ne8 35. Nd1 {[%cal Gc4h4]})
34... e4 $2 {After this move black is already lost.} ({Better was} 34... Qg6 {
[%cal Gf7h7] with very hard positon, but i don't see immediate way for the win.
}) 35. Qd4 $1 {[%csl Gd4][%cal Gd1e3] The best place for a queen.} Qg5 36. Rh8+
({After} 36. Ne3 {[%csl Gd4,Ge3,Rg8,Gh1,Gh4] All white's pieces are in ideal
positions.}) 36... Kg7 37. R8h5 Qg4 38. R1h4 $6 {What for?} ({After} 38. Ne3 $1
Qf3+ 39. Kg1 {[%cal Gh5g5]} Kg8 $8 40. Rf5 $1 {[%csl Rf3,Gf5][%cal Gf5f3]} Qe2
41. Rh6 $18 {[%csl Rf6][%cal Gh6f6,Gf5f6,Gd4f6] Black can resign}) 38... Qf3+
39. Kg1 Rg8 {[%cal Gg7f8]} 40. Rg5+ $6 {This strange move only helps for black.
Now black's king has time to survive.} (40. Ne3 $1 $18 {[%cal Ge3g4,Gh4f4,
Gh5g5] And there is no defense against all white's threats.}) 40... Kf8 41.
Rxg8+ Kxg8 42. Rf4 $2 {After this move white doesn't have real chanses for a
win.} (42. Nc3 $1 {[%cal Gc3e4]} e3 43. Qxe3 Qxe3 44. fxe3 $16 {And white is
clear better in the endgame due to extra-pawn.}) 42... Qh5 43. Ne3 (43. Nc3 Rh7
44. Rh4 Qe5 45. Qxe5 dxe5 $14) 43... Qe5 $1 {Right! after the exchange black
have some practise chanses for surviving.} 44. Qxe5 dxe5 45. Rf5 Nd7 46. Rg5+
Rg7 47. Rh5 Rh7 48. Rxh7 Kxh7 49. b4 (49. Nc4 {[%cal Gd5d6]} b5 50. axb5 axb5
51. Na3 Nf6 52. Nxb5 Nxd5 {[%cal Ge4e3]} 53. Nc3 Nf6 $14 {[%cal Gh7g6,Gg6f5]})
49... Nb6 $2 {Strange decision. This move not lose yet, but  it's just loss of
time.} ({After} 49... Kg6 {[%cal Gg6f6,Ge7d6,Gf6e7]} 50. a5 $5 {[%csl Ga5,Gd5,
Gg3][%cal Gg1f1,Gf1e2,Ge2d2,Gd2c3,Gc3c4]} Kf6 51. Kf1 Ke7 $14 {Black is O.K})
50. a5 Na4 $2 {[%cal Ga4c3] After this mistake white could win once again.} ({
It's strange, but after} 50... Nd7 {black can hold the position}) 51. Nc4 {
[%csl Re5][%cal Gc4e5,Gd5d6]} Nc3 {[%csl Rd5][%cal Gc3d5]} 52. d6 cxd6 53. Nxd6
Nd5 54. b5 $1 $18 {It's just unbelievable, that white can lose here!} (54. Nxb7
Nxb4 55. Nc5 Kg6 56. Nxe4 Nc6 57. Nc5 Nxa5 58. Nxa6 Kf5 $14 {And there is not
much material on the board.}) 54... axb5 55. Nxb5 {After this move white is
still winning, but in my opinion} (55. Nxb7 $1 {was more simple:} b4 56. Nc5
Nc7 (56... Kg6 57. a6 Kf5 58. a7 Nb6 59. Kf1 {[%cal Gf1e2,Ge2e3] And white is
winning.}) 57. Kf1 Na6 58. Nxe4 Kg6 59. Ke2 Kf5 60. f3 {[%cal Ge2d3,Gd3c4,
Gc4b5]} Ke6 61. g4 $18 {[%csl Ga5,Gg4]}) 55... Kg6 56. Nd6 e3 57. f3 (57. fxe3
{was enouth:} Nxe3 58. Nxb7 Nc4 59. a6 Nb6 60. a7 Kf6 61. Nc5 Ke7 62. Kf2 Kd6
63. Na4 Na8 64. Ke3 $18 {[%cal Gg3g4]}) 57... Nc3 58. Kf1 (58. Nxb7 Ne2+ 59.
Kf1 Nxg3+ 60. Ke1 e4 61. fxe4 Nxe4 62. a6 $18) 58... Kg5 59. Nxb7 e4 60. a6 $6
{White had at least 2 simple ways for the win here! After this move white can
win,but now it's very hard!} (60. fxe4 Kg4 61. a6 Nb5 62. Ke2 $18) (60. f4+ Kg4
61. a6 $18) 60... exf3 61. Nd6 (61. a7 {leads to a draw:} Ne2 62. a8=Q Nxg3+
63. Kg1 f2+ 64. Kh2 f1=Q $11) 61... Nb1 62. Ne4+ Kg6 (62... Kg4 63. Nf2+ $1
Kxg3 (63... exf2 64. Kxf2 Nc3 65. a7 Ne4+ 66. Ke3 f2 67. Ke2 $18) 64. Nh1+ Kh2
65. a7 Nd2+ 66. Ke1 Kg1 67. Ng3 Ne4 68. Nf1 f2+ 69. Ke2 Nc3+ 70. Kxe3 Nd5+ 71.
Kf3 Nb6 72. Ne3 Na8 (72... f1=Q+ 73. Nxf1 Kxf1 74. Ke3 Na8 (74... Kg2 75. Kd4
Kf3 76. Kc5 $18) 75. Kd4 Ke2 76. Kc5 $18) 73. Ke4 Nc7 74. Kd3 Nd5 75. Nf1 $1
Nc7 76. Nd2 $18 {[%cal Gd3c4,Gc4c6,Gc4c5]}) 63. a7 $2 (63. Ke1 Na3 $1 (63...
Nd2 $2 64. Nf2 $1 exf2+ 65. Kxf2 Nc4 66. Kxf3 Kf5 67. a7 Nb6 68. g4+ Ke5 69.
Ke3 $18) 64. a7 Nc2+ 65. Kd1 e2+ 66. Kxc2 e1=Q 67. a8=Q f2 68. Qg8+ Kf5 69.
Qd5+ Kg4 70. Qg5+ Kf3 71. Qf4+ Kg2 72. Nxf2 Qe2+ 73. Kc3 Qe1+ 74. Kc4 Qe6+ $11
{And white cannot avoid draw}) (63. Nf2 $3 {Only this brilliant move is
winning.} Nd2+ 64. Ke1 Nc4 65. a7 Nb6 66. Ng4 $18) 63... Nd2+ 64. Kg1 $4 {
Last mistake in this game. Suddenly black is the winning side!} (64. Ke1 Nxe4
65. a8=Q f2+ 66. Ke2 Nxg3+ 67. Kxe3 f1=Q $11) 64... e2 $19 65. Kf2 Nxe4+ 66.
Ke1 (66. Kxf3 e1=Q 67. a8=Q Qf2+ $1 68. Kxe4 Qg2+ $19 {[%cal Gg2a8]}) 66... Nc5
67. a8=Q Nd3+ 68. Kd2 e1=Q+ 69. Kxd3 f2 70. Qg8+ Kf5 71. g4+ Kf4 72. Qb8+ Kf3 {
[%mdl 12288]} 0-1

[Event "ARM-ch"]
[Site "Yerevan"]
[Date "2001.09.14"]
[Round "2"]
[White "Minasian, Ara"]
[Black "Minasian, Artashes"]
[Result "1/2-1/2"]
[WhiteElo "2480"]
[BlackElo "2581"]
[Annotator "Roiz,M"]
[PlyCount "48"]
[EventDate "2001.09.13"]
[EventType "tourn"]
[EventRounds "10"]
[EventCountry "ARM"]
[EventCategory "11"]
[SourceTitle "CBM 086"]
[Source "ChessBase"]
[SourceDate "2002.02.05"]
[SourceVersion "1"]
[SourceVersionDate "2002.02.05"]
[SourceQuality "1"]

1. e4 g6 2. d4 Bg7 3. Nc3 c6 4. Nf3 d6 5. Be2 Nf6 6. O-O O-O {[%cal Gb7b5]} 7.
a4 {[%cal Ga4a5] This is the most popular line. White prevents b7-b5 and
increases his space advantage.} ({There is couple of alternatives:} 7. e5 dxe5
(7... Nd5 $5 8. Nxd5 cxd5 9. Bf4 dxe5 10. Bxe5 Bg4 11. Bxg7 Kxg7 12. Ne5 Bxe2
13. Qxe2 e6 $11 {[%cal Gb8d7] Balashov,Y-Bologan,V/Moscow 1995}) 8. Nxe5 Bf5 $1
{The strongest.} (8... Nbd7 9. Bf4 {[%csl Ge5]} Nxe5 10. Bxe5 {[%csl Ge5]} Nd5
11. Nxd5 Bxe5 12. dxe5 Qxd5 13. Qxd5 cxd5 14. Rfd1 Be6 15. Rd4 Rac8 16. c3 Rc5
17. Rad1 b5 18. f4 Rb8 19. a3 a5 20. R1d2 Kg7 21. Kf2 $14 {[%csl Rd5,Ge2,Ge5,
Re6,Gf4] Balashov,Y-Azmaiparashvili,Z/Lvov zt 1990}) (8... Be6 9. Bf4 Nd5 10.
Nxd5 cxd5 11. Re1 Nc6 12. Nxc6 bxc6 13. c3 Qb6 14. Qd2 c5 15. dxc5 Qxc5 16. Bf3
$14 {[%cal Gf4e5] Groszpeter,A-Zaittshik,G/Kecskemet 1983}) 9. Bf3 (9. Bf4 Nbd7
10. Re1 Nxe5 11. Bxe5 Qa5 $11 {[%cal Gf8d8] Alvarez Ibarra-Azmaiparashvili,Z/
Euskadi-Georgia tt 1991}) 9... Nbd7 10. Bf4 Nb6 11. Qd2 Nfd7 $11 {Sutovsky,
E-Beim,V/Rishon Le Ziyyon 1994}) (7. Bg5 Qc7 (7... h6 $5 8. Bf4 Nbd7 9. Qc1 Kh7
$132) 8. a4 Nbd7 9. Qd2 e5 10. Rfe1 a5 $6 (10... Re8 $142 11. Bc4 exd4 12. Nxd4
Nc5 13. f3 Ne6 14. Nxe6 Bxe6 15. Bxe6 Rxe6 $11 {[%cal Ga8e8,Gf6d7]}) 11. Rad1
Re8 12. d5 $1 Bf8 13. Bc4 $36 {Beliavsky,A-Timman,J/ World Cup Reykjavik 1991})
(7. h3 Nbd7 8. e5 Ne8 9. Bf4 (9. Re1 dxe5 10. dxe5 {[%cal Gd1d8]} Nc7 11. Bf1
Ne6 12. a4 Qc7 13. Qe2 a5 $11 {[%csl Re5,Ge6][%cal Gd7e5,Gc7e5,Gg7e5] Stohl,
I-Gelfand,B/Dortmund-A 1990}) 9... dxe5 10. dxe5 (10. Nxe5 $5) 10... Nc7 {
[%cal Gc7e6]} 11. Qc1 Ne6 12. Bh6 Qa5 $1 {[%csl Re5][%cal Gd7e5,Ga5e5]} 13.
Bxg7 Kxg7 14. Qe3 Qb6 $11 {Martin Gonzales,M-Azmaiparashvili,Z/Toledo 1991}) (
7. Bf4 {[%cal Ge4e5]} Bg4 $5 (7... Nh5 8. Be3 d5 9. h3 dxe4 10. Nxe4 Nd7 11.
Re1 $14 c5 $140 $6 12. dxc5 Bxb2 13. Rb1 Bg7 14. Nd4 $1 $36 {[%cal Gc5c6] 0-1
Solozhenkin,E-Kharlov,A/At Petersburg 1998[Yudasin,L]}) 8. h3 Bxf3 9. Bxf3 d5
10. Re1 dxe4 11. Nxe4 Nxe4 12. Rxe4 Nd7 $11 {Keitlinghaus,L-Konopka,M/CZE-chT
1996}) (7. Re1 Bg4 $5 (7... b5 8. e5 dxe5 9. Nxe5 $14 (9. dxe5 Qxd1 10. Rxd1
Ng4 11. Bf4 Nd7 12. e6 fxe6 13. Bg3 Nge5 14. Nd4 Nb6 15. Ne4 Rd8 16. Nc5 Rd6
17. c3 Na4 18. Nxa4 bxa4 19. f4 Nf7 $14 {[%csl Ra4,Ra7,Rc6,Re6,Re7] Ivanchuk,
V-Nikolic,P/Tilburg 1990})) (7... Nbd7 8. e5 (8. Bf4 $5 Qa5 9. Nd2 {[%cal
Gd2c4]}) 8... dxe5 9. dxe5 Ng4 10. e6 fxe6 11. h3 Nge5 12. Nxe5 Nxe5 13. Qxd8
Rxd8 14. Bf4 Nf7 15. Rad1 Bxc3 16. bxc3 e5 $11 {Rozentalis,E-Azmaiparashvili,Z/
Lvov 1990}) (7... Qc7 8. Bf4 (8. e5 dxe5 9. Nxe5 Nfd7 10. Nxd7 Nxd7 11. Be3)
8... Nh5 (8... Nbd7 9. e5 Nh5 10. Bg5 dxe5 11. Bxe7 Re8 12. d5 Qb6 13. Ba3 Nf4
14. Bc4 Nf6 $13 {Asrian,K-Kasimdzanov,Rustam/Wch U20 Yerevan 1999}) 9. Be3 e5
10. Qd2 Nd7 11. a4 Nhf6 12. dxe5 dxe5 13. Bc4 b6 14. Rad1 $14 {[%cal Gd2d6]
Jenni,F-Ponomariov,R/Lausanne Young Masters 2000}) 8. h3 (8. Bg5 $5) 8... Bxf3
9. Bxf3 e6 10. Bg5 Qb6 11. Qd2 Nbd7 12. a4 a5 13. Be3 Qc7 $11 {Dimitrov,
V-Epishin,V/Linares op 1998}) 7... Nbd7 {[%cal Ge7e5] Very natural
continuation, but not the main.} (7... Na6 $5 {[%cal Ga6c7] Original idea.} 8.
a5 (8. Re1 b6 9. e5 Ne8 10. exd6 exd6 11. d5 c5 12. Ne4 $14 {[%csl Rb5,Rc6,Rd6]
[%cal Gc1f4,Gf4g5,Ge2b5] Yurtaev,L-Bologan,V/Vladivostok 1995}) (8. Be3 Nc7 9.
Nd2 b6 10. f4 Bb7 11. Bf3 c5 12. Nb3 Nd7 13. d5 Rb8 $13 {[%cal Gf7f5] Savon,
V-Titov,G/Moscow 1991}) 8... b5 9. axb6 axb6 10. e5 Ne8 11. exd6 exd6 12. d5 c5
13. Bg5 f6 14. Bf4 $14 {[%csl Rb5,Rd6][%cal Gf4d6,Ge2b5,Gc3b5] Brodsky,
M-Bologan,V/Riga op 1995}) (7... Bg4 8. Be3 Nbd7 9. Qd2 Qc7 10. Rfd1 Rfd8 11.
Bh6 e5 12. Bxg7 Kxg7 13. Ng5 Bxe2 14. Qxe2 h6 15. Nf3 a5 16. Rd2 Re8 $11 {
Blatny,P-Konopka,M/CZE-ch Zlin 1998}) (7... Qc7 {This is popular continuation.}
8. a5 (8. Bf4 Nh5 9. Be3 e5 10. Qd2 Nf6 11. dxe5 dxe5 12. Rfd1 b6 13. a5 Ba6
14. axb6 axb6 15. Qd6 Qxd6 16. Rxd6 b5 17. b4 Re8 $11 {[%cal Gg7f8]
Ionescu-Badea,Bucharest 1998}) (8. Be3 Nbd7 9. Nd2 {[%cal Gf2f4]} b6 10. f4 Bb7
11. e5 Nd5 12. Nxd5 cxd5 13. c3 e6 14. Qe1 f6 15. exd6 Qxd6 $11 {Potkin,
V-Timofeev,A/RUS-ch U20 Ufa 2000}) (8. Re1 a5 9. Bf4 Nbd7 10. e5 Nh5 11. exd6
exd6 12. Bg5 Nb6 13. Qd2 Re8 14. h3 Nf6 15. Bd3 Be6 $11 {[%cal Gb6c4,Gf6d5]
Kaminski,M-Krasenkow,M/Lubniewice 1993}) 8... Nbd7 9. Be3 e5 10. dxe5 dxe5 11.
h3 Rd8 12. Qb1 Nf8 13. Qa2 Be6) (7... a5 {This is the main move. Mostly this
move leads to the previous variations. But this is the latest example:} 8. Be3
Ng4 $5 9. Bg5 f6 10. Bh4 $146 (10. Bd2) 10... Na6 11. Nd2 f5 12. Nc4 (12. exf5
$5 gxf5 13. Nb3 Nb4 14. Nb1 {[%cal Gc2c3]} Be6 15. c3 Nd5 16. Bc4 $14 {[%csl
Re7][%cal Gf1e1,Gb1d2,Ge1e7,Gh4e7]}) 12... Nb4 {[%csl Gd4,Ge4] with very
interesting and not standard position. I think that white is better due to his
strong center.Nadyrhanov-Tseshkovsky/Krasnodar 2001}) 8. Be3 (8. a5 $5 {
This move seems to be very logical: since black didn't play a7-a5 white should
to increase his space advantage on the queen- side.For example:} Qc7 9. Be3 Rb8
10. h3 b5 11. axb6 axb6 12. d5 $1 {[%csl Rb5,Rc6][%cal Gf3d4]} Nc5 13. Nd4 Bd7
14. Bf3 $1 cxd5 15. exd5 b5 16. b4 $1 Nb3 17. cxb3 Qxc3 18. Nc6 $1 Bxc6 19.
dxc6 Rbc8 20. Ra7 $16 {[%csl Rc3,Gc6,Ge3,Re7,Gf3][%cal Ga7e7] Brynell-Beim,
Deutschland 2001}) (8. e5 {gives nothing:} dxe5 9. dxe5 Nd5 10. Nxd5 cxd5 11.
Qxd5 Nxe5 12. Qxd8 Rxd8 $11 {Moldovan,D-Marin,M/Ciocaltea mem 2000}) 8... e5 (
8... Ng4 $6 9. Bg5 f6 10. Bh4 e5 11. a5 {[%csl Ga5]} h5 12. h3 Nh6 13. dxe5
dxe5 14. a6 $16 {[%cal Gd1d6] Garcia,G-Pel,B/VAM Hoogeveen op 1998}) 9. dxe5
dxe5 (9... Nxe5 {leads to small but stable white's advantage in the endgame:}
10. Nxe5 dxe5 11. Qxd8 Rxd8 12. Rfd1 {[%csl Ra7][%cal Ge3a7]} Rxd1+ 13. Rxd1
Be6 14. a5 Kf8 15. f3 $14 {[%csl Ra7,Ge3][%cal Gc3a4,Ga4c5,Ge3a7] Nisipeanu,
L-Marin,M/ROM-ch Herculane 1996}) 10. Nd2 {[%cal Gd2c4,Gc4d6]} (10. Qd6 $5 {
[%csl Gd6] Very energetic move! For example:} Re8 $6 (10... Ne8 $1) 11. Bc4 {
[%csl Rf7][%cal Gc4f7,Gf3g5]} Bf8 12. Qd2 Bb4 13. Ng5 Rf8 14. f4 $1 $36 {
Psakhis,L-Bologan,V/Nimes op 1991}) 10... Qe7 {Natural move.} (10... Ne8 $5 {
[%cal Ge8c7,Gc7e6] The e6-square is very comfortable for the knight in this
kind of positions.} 11. Nc4 Nc7 12. Nd6 Ne6 13. Bc4 Qe7 {Hendriks,W-Nijboer,F/
Dieren op 1998}) 11. Nc4 {[%csl Gc4,Rd6][%cal Gc4d6]} Ne8 {[%csl Yd6][%cal
Ge8d6]} (11... Rd8 12. Qd6 $1 $14) (11... Nc5 $2 12. Qd6 $1 Qxd6 13. Nxd6 $16 {
with very hard position for black.}) 12. Qd2 $6 {[%mdl 16384] Not energetic.} (
12. a5 $1 {[%csl Ga5,Ra7][%cal Ge3a7] I think that this move can promise good
chanses for advantage due to the weakness on-a7 and space advanage on the
queen-side.} Nc5 13. Nd6 $1 {[%csl Rc5][%cal Ge3c5]} Nxd6 14. Bxc5 Rd8 15. Qc1
Bf6 16. b3 $1 {[%cal Gc1a3]} Be6 17. Rd1 Qc7 18. Qe3 $16 {[%csl Ga5,Ra7,Gc5]
[%cal Ge3a7] Ionescu,C-Komliakov,V/Ciocaltea mem 1995[Stohl]}) 12... Nc5 $146 {
[%cal Gc5e6]} (12... f5 13. exf5 gxf5 14. f4 e4 15. Rad1 Ndf6 16. Bd4 Be6 17.
Be5 Ng4 18. Bxg7 Nxg7 19. Ne3 Rad8 20. Qc1 Nf6 $11 {Brunner,L-Nogueiras,J/Biel
zt 1993}) 13. Nd6 {Now this move is not so strong: Black can take by queen and
it is clear, that 12.Qd2 was just loss of time.} Qxd6 14. Qxd6 Nxd6 15. Bxc5
Rd8 16. Rfd1 Bf8 17. a5 {[%csl Ga5] Too late! Now there is only simbolic
advantage for white.} Be6 {[%cal Gd6c4] Right! After the dark-square bishop's
exchange black is O.K} 18. b3 Nb5 $1 {[%csl Gc5][%cal Yf8c5]} 19. Nxb5 (19. Na4
$2 Nc3 $1 20. Nxc3 Bxc5 $17 {[%csl Rc3,Gc5,Ge6]}) 19... Bxc5 20. Nc7 Rac8 21.
Nxe6 fxe6 22. Bc4 Kf7 23. c3 a6 24. Kf1 Be7 {[%mdl 2048]} 1/2-1/2

[Event "EU-chT (Men) 13th"]
[Site "Leon"]
[Date "2001.11.11"]
[Round "6.3"]
[White "Jenni, Florian"]
[Black "Bauer, Christian"]
[Result "0-1"]
[WhiteElo "2487"]
[BlackElo "2576"]
[Annotator "Roiz,M"]
[PlyCount "76"]
[EventDate "2001.11.06"]
[EventType "team-swiss"]
[EventRounds "9"]
[EventCountry "ESP"]
[SourceTitle "CBM 086"]
[Source "ChessBase"]
[SourceDate "2002.02.05"]
[SourceVersion "1"]
[SourceVersionDate "2002.02.05"]
[SourceQuality "1"]
[WhiteTeam "Switzerland"]
[BlackTeam "France"]
[WhiteTeamCountry "SUI"]
[BlackTeamCountry "FRA"]

1. e4 d6 2. d4 Nf6 3. Nc3 g6 4. Nf3 Bg7 5. Be2 O-O 6. O-O c5 {Rare move
nowdays.} 7. dxc5 {Principal continuation. Two other alternatives here are:} (
7. d5 {and}) (7. Be3 cxd4 8. Nxd4 {that leads to dragon variation.}) 7... dxc5
8. Qxd8 ({Another interesting line is:} 8. Be3 b6 9. Qc1 Bb7 10. Rd1 Qc8 11.
Nd5 Nc6 (11... Re8 12. Bf4 $1 {[%csl Rc7][%cal Gd5c7]} e5 13. Nxf6+ Bxf6 14.
Bh6 $14 {[%cal Ge2c4,Gc4d5]} Bxe4 $140 $2 15. Ng5 Bb7 16. Bc4 Bxg5 17. Qxg5 Qf5
18. Qe7 $1 $18 {Miles-Hennigan,World op Philadelphia 1989}) 12. Ne5 $5 ({
Nothing gives} 12. Nxf6+ Bxf6 13. c3 Rd8 $11 {Engqist-Agrest,Scandic Hotels CC,
99}) 12... Re8 (12... Nxd5 $5 13. Nxc6 Qxc6 14. exd5 Qf6 {[%cal Ge7e6]}) 13.
Nxc6 Qxc6 14. a4 $14 {[%cal Ge2b5] Nikolenko-Hait, Moscow 2000}) 8... Rxd8 9.
Be3 b6 10. Rad1 Nc6 11. Rxd8+ (11. Nd5 {Is bad here:} Nxd5 12. exd5 Nb4 13. Bg5
f6 14. Bh4 Nxd5 $17 {Huebner-Beim,Classics Masters rapid,1998}) 11... Nxd8 12.
Rd1 Bb7 13. e5 $2 {[%mdl 16384] After this move the e5 pawn becomes very weak.}
({Better was} 13. Nd2 Ne6 14. f3 Rd8 15. Kf2 {that happend in the game
Bareev-Anand,Paris 92}) 13... Ng4 14. Bf4 $2 {After this move white cannot
keep the pawn.} ({Much better was} 14. Bg5 {[%cal Gg5e7]}) 14... Ne6 15. Bg3
Rd8 16. Rxd8+ (16. Ng5 {not helps much:} Rxd1+ 17. Nxd1 Nxe5 18. Nxe6 fxe6 {
and black is clear better}) 16... Nxd8 $17 {#} 17. h3 Bxf3 18. Bxf3 Nxe5 19.
Ba8 $6 {Strange decision.} ({After} 19. Be2 Ndc6 {[%cal Gc6d4]} 20. Nb5 $1 {
[%cal Gf2f4,Gc2c3] white has some practise chanses for surviving}) 19... Nec6 {
[%cal Gc6d4]} 20. Nb5 a6 21. Nc7 Bxb2 22. Nxa6 {[%csl Ra6]} Be5 $1 {Right!
after this ex-chnange the game is over} 23. Bxe5 (23. f4 {Seems to be better
but hardly can change something:} Bd6 $19 {[%csl Rf4,Rg3][%cal Gc6d4,Gd8e6]})
23... Nxe5 24. Nc7 Kf8 25. f4 Nc4 26. Bd5 Na3 27. Be4 {[%cal Gf4f5,Gc7d5]} e6
$1 $19 {Now the game is over} 28. g4 f5 29. Bd3 c4 30. Be2 b5 31. Kf2 Ke7 32.
gxf5 gxf5 33. Kg3 Nc6 34. Kh4 Nd4 35. Bf1 b4 36. Na6 Ndxc2 37. Nc5 Ne3 38. Be2
Nd5 {[%mdl 2048]} 0-1